Google Play Platforms - Statistics

General Stats
  • This quiz has been taken 7 times
  • The average score is 6 of 11
Answer Stats
Picture Answer % Correct
Google Play Games
100%
Google Play Music
100%
Google Play Store
100%
Google Play Books
86%
Google Play Movies & TV
71%
Google Play Pass
29%
Google Play Protect
29%
Google Play Console
14%
Google Play Magazines
14%
Google Play Newsstand
14%
Google Play Services
14%
No matching quizzes found
Score Distribution
Percent of People with Each Score
Percentile by Number Answered
Your Score History
You have not taken this quiz